00458nam a2200181 a 45000010005000000030009000050080041000140400028000550820016000832450011000992500007001102600031001173000015001484900067001636500017002309420012002479990017002596916CO-ViMGA141112s2004 ck r 000 u spa d aCO-ViMGAbspacCO-ViMGA04a636.39 C11710aCabras a2a aMexico : bTrillas, c1994 a108 p : il aManuales para educación agropecuaria. Producción animal, 414aCABRAS95211 2ddccBK c18883d18883